Alimentos
Zapisane w:
| 1. autor: | |
|---|---|
| Format: | Książka |
| Język: | hiszpański |
| Wydane: |
Madrid
Ediciones SM
1985
|
| Seria: | <El >Joven Investigador, 6
|
| Hasła przedmiotowe: | |
| Etykiety: |
Dodaj etykietę
Nie ma etykietki, Dołącz pierwszą etykiete!
|
MARC
| LEADER | 00000nam a2200000 a 4500 | ||
|---|---|---|---|
| 001 | UCH4087 | ||
| 003 | CL-VaPUC | ||
| 008 | 090818e19850000SP |||||||||||||||||spa|d | ||
| 020 | |a 843481742X | ||
| 082 | 0 | 4 | |a 641 |b JEN |2 21 |
| 100 | |a Jennings, Terry |e author |9 543686 | ||
| 245 | 1 | 0 | |a Alimentos |
| 300 | |a 32 p | ||
| 942 | |c BK | ||
| 945 | |d 20090818 00:00:00 |a ccalabra | ||
| 260 | |a Madrid |b Ediciones SM |c 1985 | ||
| 650 | 0 | |a Recursos naturales |9 255232 | |
| 650 | 0 | |a Vegetales |9 264557 | |
| 650 | 7 | |a PROTEINAS |2 CL-VaPUC |9 539553 | |
| 650 | 0 | |a Vitaminas |9 343802 | |
| 650 | 7 | |a SALES MINERALES |2 CL-VaPUC |9 406456 | |
| 650 | 0 | |a Salud |9 258663 | |
| 650 | 7 | |a CADENA ALIMENTICIA |2 CL-VaPUC |9 435133 | |
| 583 | |a last modification |c 20090818 00:00:00 |k Rodrigo Vera | ||
| 490 | 0 | |a <El >Joven Investigador, 6 | |
| 999 | |c 335436 |d 335434 | ||